| 000 | 00428pab a2200169 454500 | ||
|---|---|---|---|
| 008 | 180718b2004 xxu||||| |||| 00| 0 eng d | ||
| 100 | _aHelpman, Elhanan | ||
| 245 | _aExport versus FDI with heterogeneous firms | ||
| 260 | _c2004 | ||
| 300 | _ap.300-16. | ||
| 362 | _aMar | ||
| 650 | _aForeign investment | ||
| 700 | _aYeaple, Stephen | ||
| 700 | _aMelitz, Marc J. | ||
| 773 | _aAmerican Economic Review | ||
| 909 | _a60238 | ||
| 999 |
_c60238 _d60238 |
||